000 00825nam a22002417a 4500
001 678
005 20241120113550.0
020 _a9780439791014
040 _aFISKH
_beng
_cFISKH
_dFISKH
050 _aTL553.9
082 _a613.69
100 _aDoswell, Paul
245 _aThe survival stories
_cPaul Doswell
250 _aFirst Scholastic printing, October 2005
260 _aLondon :
_bScholastic,
_c2002.
300 _a141 pages :
_c20 cm.
505 _aX
520 _aTen true stories of survival against the odds: from shark attacks and blazing airships to exploding spacecraft and sinking submarines, these are real-life stories of people who have stared death in the face and lived to tell the tale.
521 _a1080
_bLexile
521 _aX
_bRaz-Plus
655 _aSurvival Stories
942 _2ddc
_cBK
_n0
999 _c678
_d678